| 000 | 01276nam a22002657a 4500 | ||
|---|---|---|---|
| 005 | 20170124103155.0 | ||
| 010 | _aB-072750 | ||
| 020 |
_c300.00 _a8170562392 |
||
| 035 | _aB-072750 | ||
| 037 | _bCen Lib/Ret | ||
| 040 |
_aDPL _bHN |
||
| 082 |
_a351.000954 _bशर्मार |
||
| 100 |
_aशर्मा, रविन्द्र _989432 |
||
| 245 |
_aभारतीय प्रशासन के पचास वर्ष / _cरविन्द्र शर्मा [और] ओ.पी. वर्मा |
||
| 246 |
_aBhartiya prashasan ke pachas varsh / _bby Ravindra Sharma [aur] O.P. Verma |
||
| 260 |
_aजयपुर _bपंचशील प्रकाशन _c2001 |
||
| 270 |
_aफिल्म कालोनी, चौड़ा रास्ता _bजयपुर _e302003 |
||
| 300 |
_a235पृ. _c21सेमी (सजिल्द) |
||
| 650 |
_aलोक प्रशासन - भारत। _945865 |
||
| 650 |
_aभारत - राजनीति और सरकार - 1947- _989433 |
||
| 650 |
_aPublic administration -- India. _917801 |
||
| 650 |
_aIndia -- Politics and government -- 1947- _914822 |
||
| 700 |
_aवर्मा, ओ.पी. _944586 |
||
| 942 |
_2ddc _cHN _h351.000954 _mशर्मार |
||
| 999 |
_c120271 _d120271 |
||